[Event "ITA-ch U20"]
[Site "Tarvisio"]
[Date "2023.07.06"]
[Round "5"]
[White "Esposito, Vincenzo"]
[Black "Budai, Federico"]
[Result "1/2-1/2"]
[WhiteElo "1522"]
[BlackElo "1877"]
[PlyCount "75"]
[EventDate "2023.07.02"]
[EventType "swiss"]
[EventRounds "9"]
[EventCountry "ITA"]
[SourceTitle "EXT 2024"]
[Source "ChessBase"]
[SourceDate "2023.10.10"]
[SourceVersion "1"]
[SourceVersionDate "2023.10.10"]
[SourceQuality "1"]

1. d4 d5 2. c4 c6 3. Nc3 Nf6 4. Nf3 e6 5. Bg5 Be7 6. e3 Nbd7 7. Bd3 0-0 8. 0-0 dxc4 9. Bxc4 b5 10. Bd3 a6 11. a4 b4 12. Ne4 Bb7 13. Rc1 Rc8 14. Nxf6+ Nxf6 15. Qe2 Qb6 16. Ne5 Rc7 17. Nc4 Qa7 18. Bf4 Rd7 19. Ne5 Rd6 20. Rc2 Nd5 21. Bg3 a5 22. Rfc1 b3 23. Nxc6 Rxc6 24. Rxc6 Bxc6 25. Rxc6 Qb7 26. Bb5 Rc8 27. Qc4 Rxc6 28. Bxc6 Qb4 29. Qxb4 Nxb4 30. Bb5 Nd5 31. Bc4 Nb6 32. Bxb3 Bb4 33. Kf1 Kf8 34. Ke2 Ke8 35. Bc7 Na8 36. Be5 f6 37. Bg3 Nb6 38. Bc2 1/2-1/2